000 00331nam a22001337a 4500
008 170731b xxu||||| |||| 00| 0 eng d
020 _a0700224696
041 _aeng
080 _a004
100 _a32
101 _aSHKI
245 _aAN INTRODUCTION TO FORTRAN IV PROGRAMMING/ A GENERAL APPROACH
_cMURRILL, P.W
942 _2udc
_cBK
999 _c22204
_d22204